Statistics for Fusionfall Retro Characters

Click here to take the quiz!

General Stats

  • This quiz has been taken 14 times
  • The average score is 27 of 71

Answer Stats

SeriesCharacters% Correct
Dexter's LaboratoryDee Dee
91%
Dexter's LaboratoryDexter
91%
Ed, Edd n EddyEd
91%
Ed, Edd n EddyEdd
91%
Ed, Edd n EddyEddy
91%
The Grim Adventures of Billy & MandyBilly
82%
Powerpuff GirlsBubbles
82%
Powerpuff GirlsButtercup
82%
Courage the Cowardly DogCourage
82%
Johnny BravoJohnny Bravo
82%
The Grim Adventures of Billy & MandyMandy
82%
Powerpuff GirlsBlossom
73%
Dexter's LaboratoryMandark
73%
Powerpuff GirlsMojo Jojo
73%
Ben 10Ben Tennyson
64%
Foster's Home for Imaginary FriendsBloo
64%
The Grim Adventures of Billy & MandyGrim
64%
Powerpuff GirlsHim
64%
ChowderChowder
55%
Foster's Home for Imaginary FriendsCoco
55%
Foster's Home for Imaginary FriendsEduardo
55%
The Marvelous Misadventures of FlapjackFlapjack
55%
The Life and Times of Juniper LeeJuniper Lee
55%
Foster's Home for Imaginary FriendsMac
55%
Powerpuff GirlsProfessor Utonium
55%
Samurai JackSamurai Jack
55%
Foster's Home for Imaginary FriendsFrankie
45%
Ben 10Gwen Tennyson
45%
Ben 10Kevin E. Levin
45%
Ed, Edd n EddyMay Kanker
45%
Powerpuff GirlsMayor
45%
Foster's Home for Imaginary FriendsWilt
45%
Dexter's LaboratoryComputress
27%
Codename: Kids Next DoorFather
27%
Ben 10Grandpa Max Tennyson
27%
Ed, Edd n EddyLee Kanker
27%
Ed, Edd n EddyMarie Kanker
27%
Foster's Home for Imaginary FriendsMr. Herriman
27%
Codename: Kids Next DoorNumbuh Five
27%
Codename: Kids Next DoorNumbuh Four
27%
Codename: Kids Next DoorNumbuh One
27%
Codename: Kids Next DoorNumbuh Three
27%
Codename: Kids Next DoorNumbuh Two
27%
Ben 10Vilgax
27%
Megas XLRCoop
18%
The Grim Adventures of Billy & MandyFred Fredburger
18%
Ben 10Hex
18%
The Grim Adventures of Billy & MandyHoss Delgado
18%
ChowderKimchi
18%
Powerpuff GirlsPrincess
18%
ChowderShnitzel
18%
Powerpuff GirlsAce
9%
Ben 10AmpFibian
9%
Samurai JackDemongo
9%
The Grim Adventures of Billy & MandyJeff
9%
ChowderSour Ron
9%
Ben 10Spidermonkey
9%
Ben 10Tetrax
9%
Samurai JackThe Scotsman
9%
Codename: Kids Next DoorToiletnator
9%
Ben 10Albedo
0%
Courage the Cowardly DogBob O'Ganoosh
0%
Foster's Home for Imaginary FriendsCheese
0%
The Grim Adventures of Billy & MandyDracula
0%
Ben 10Echo Echo
0%
Powerpuff GirlsFuzzy Lumkins
0%
Courage the Cowardly DogGeneral Tso
0%
Courage the Cowardly DogMagic Tree
0%
Ben 10Megawhatt
0%
Courage the Cowardly DogMel Anzana
0%
Codename: Kids Next DoorStickybeard
0%

Score Distribution

Percentile by Number Answered

Percent of People with Each Score

Your Score History

You have not taken this quiz